000 00543nam a22002057a 4500
003 IBSLLIB
005 20260317054008.0
008 260317b |||||||| |||| 00| 0 eng d
020 _a9555990832
040 _aIBSLLIB
_beng
041 _aEnglish
082 _a341.07
_bPER
100 _aPerera, Amritha Rohan
245 _aInternational Law Changing Horizons
260 _aRatmalana :
_bVishva ,
_c1997 .
300 _a176 P . ;
_c21 cm
650 _aPublic International Law
653 _aPublic International Law
942 _cBK
999 _c22083
_d22083